| 000 | 00910ntmaa2200205 i 4500 | ||
|---|---|---|---|
| 001 | 189639 | ||
| 003 | ES-MaACL | ||
| 005 | 20240518063047.0 | ||
| 008 | 190708q1740 sp 000 i spa d | ||
| 040 | _cES-MaACL | ||
| 100 | 1 |
_aPozoblanco, Francisco Manuel de Velasco y Estrada, _cMarqués de _9167182 _eaut |
|
| 245 | 1 | 1 |
_a[Carta del Marqués de Pozoblanco sobre las ventajas de la navegación del Guadalquivir de Córdoba a Sevilla] _h[Manuscrito]. |
| 260 | _c[ca. 1740] | ||
| 300 |
_a[5] páginas ; _c21 cm. |
||
| 651 | 4 |
_aGuadalquivir (España, Río)- _zNavegación. _9167183 |
|
| 852 | 4 |
_aES-MaACL _cSPB _hLegado de Federico de Botella y de Hornos _jB-8924(29) _xEncuadernado en un vol. facticio agrupado con el título en el lomo "España, geología, memorias y documentos varios 1 a 8" |
|
| 942 |
_cMANUSCRITO _n0 |
||
| 999 |
_c189639 _d189639 |
||